000 00250nam a2200085Ia 4500
245 0 _aCool physical evidence : what's left behind
100 _a Beck, Esther Edina, Minn., 2009
_976344
942 _cBK
008 210818s9999 xx 000 0 und d
999 _c431513
_d431512